[Event "Subic Bay op"]
[Site "Subic Bay"]
[Date "2009.05.29"]
[Round "7"]
[White "Villamayor, Buenaventura"]
[Black "Li, Panru"]
[Result "1-0"]
[WhiteElo "2474"]
[BlackElo "2146"]
[PlyCount "83"]
[EventDate "2009.05.25"]
[EventType "swiss"]
[EventRounds "9"]
[EventCountry "PHI"]
[SourceTitle "CBM 130 Extra"]
[Source "ChessBase"]
[SourceDate "2009.07.02"]
[SourceVersion "2"]
[SourceVersionDate "2009.07.15"]
[SourceQuality "1"]

1. c4 e5 2. g3 Nf6 3. Bg2 Nc6 4. Nc3 Bb4 5. Nd5 Nxd5 6. cxd5 Ne7 7. e4 0-0 8. Ne2 d6 9. 0-0 Ng6 10. d4 f5 11. Qa4 c5 12. dxc6 Qb6 13. a3 Ba5 14. exf5 Bxf5 15. cxb7 Rae8 16. b4 Qa6 17. Re1 Bg4 18. Qxa5 Bxe2 19. Qxa6 Bxa6 20. Bd5+ Kh8 21. Be3 Re7 22. dxe5 Nxe5 23. Bd4 Bxb7 24. Bxb7 Rxb7 25. Bxe5 dxe5 26. Rxe5 Kg8 27. Rae1 Rc8 28. Re7 Rcc7 29. Rxc7 Rxc7 30. Re6 Kf7 31. Ra6 Ke7 32. h4 Rb7 33. Kg2 Kd7 34. g4 Rc7 35. h5 Kc8 36. g5 Re7 37. f4 Kb7 38. b5 Rd7 39. Kf3 Rd5 40. Re6 Rd7 41. Ke4 Kc7 42. f5 1-0

[Event "Subic Bay op"]
[Site "Subic Bay"]
[Date "2009.05.28"]
[Round "5"]
[White "Pascua, Haridas"]
[Black "Li, Panru"]
[Result "1/2-1/2"]
[WhiteElo "2359"]
[BlackElo "2146"]
[PlyCount "116"]
[EventDate "2009.05.25"]
[EventType "swiss"]
[EventRounds "9"]
[EventCountry "PHI"]
[SourceTitle "CBM 130 Extra"]
[Source "ChessBase"]
[SourceDate "2009.07.02"]
[SourceVersion "2"]
[SourceVersionDate "2009.07.15"]
[SourceQuality "1"]

1. d4 d5 2. Nf3 e6 3. c4 Be7 4. g3 Nf6 5. Bg2 0-0 6. 0-0 dxc4 7. Qa4 c5 8. Qxc4 Qd5 9. Qc3 Nc6 10. Be3 Qh5 11. Qb3 cxd4 12. Nxd4 Ng4 13. h3 Nxe3 14. Nxc6 Bc5 15. Ne7+ Bxe7 16. Qxe3 Bc5 17. Qd3 e5 18. g4 Qh4 19. Nc3 h5 20. gxh5 Qxh5 21. Na4 Be7 22. Rfd1 Bf5 23. Qf3 Qxf3 24. Bxf3 Rad8 25. Bxb7 Bxh3 26. Bd5 Rd6 27. Rd3 Bf5 28. e4 Rg6+ 29. Rg3 Rxg3+ 30. fxg3 Bd7 31. Nc3 Rb8 32. Rf1 Bc5+ 33. Kh1 Be8 34. b3 Kf8 35. Kg2 Bb4 36. Nd1 Bc5 37. Nb2 Ke7 38. Nd3 Bd4 39. Rc1 Bd7 40. Ne1 Be3 41. Rc4 f5 42. exf5 Bxf5 43. Be4 Be6 44. Rc7+ Kf6 45. Kf3 Bb6 46. Rc6 Ke7 47. Nd3 Rf8+ 48. Kg2 Rf6 49. Rc2 Rh6 50. Nxe5 Bh3+ 51. Kf3 Rf6+ 52. Ke2 Re6 53. Nc6+ Kd6 54. Kf3 Rf6+ 55. Ke2 Re6 56. Kf3 Rf6+ 57. Ke2 Re6 58. Kf3 Rf6+ 1/2-1/2

[Event "Subic Bay op"]
[Site "Subic Bay"]
[Date "2009.05.27"]
[Round "4"]
[White "Li, Panru"]
[Black "Lou, Meng"]
[Result "0-1"]
[WhiteElo "2146"]
[BlackElo "2224"]
[PlyCount "136"]
[EventDate "2009.05.25"]
[EventType "swiss"]
[EventRounds "9"]
[EventCountry "PHI"]
[SourceTitle "CBM 130 Extra"]
[Source "ChessBase"]
[SourceDate "2009.07.02"]
[SourceVersion "2"]
[SourceVersionDate "2009.07.15"]
[SourceQuality "1"]

1. d4 Nf6 2. c4 g6 3. g3 Bg7 4. Bg2 d5 5. Nf3 0-0 6. 0-0 dxc4 7. Na3 Nc6 8. Nxc4 Be6 9. b3 Bd5 10. Bb2 a5 11. Nce5 a4 12. Nxc6 Bxc6 13. Qc1 Qd5 14. b4 Ne4 15. a3 Qb5 16. Qc2 Nd6 17. Rac1 Rac8 18. Rfe1 Be4 19. Qc5 b6 20. Qxb5 Nxb5 21. Ne5 Bxg2 22. Kxg2 Bxe5 23. dxe5 Rfd8 24. Rc2 Rd5 25. Rec1 Kf8 26. Kf3 Ke8 27. Ke3 Rcd8 28. Rc4 h5 29. h4 Rd2 30. R4c2 Rxc2 31. Rxc2 Rd5 32. Rd2 e6 33. Rd3 Kd7 34. Ke4 Kc6 35. Bd4 Na7 36. Be3 Rxd3 37. exd3 Nb5 38. Bc1 Nc3+ 39. Ke3 Kd5 40. f3 c5 41. bxc5 bxc5 42. Kd2 Nb5 43. Bb2 c4 44. Kc2 c3 45. Bxc3 Nxa3+ 46. Kc1 Nb5 47. Bd2 Kxe5 48. g4 Kd5 49. gxh5 gxh5 50. Be3 Nd4 51. f4 Nf5 52. Bf2 Ne7 53. Kb2 Ng6 54. f5 exf5 55. Ka3 Ne5 56. d4 Nc6 57. Kxa4 Nxd4 58. Kb4 f4 59. Kc3 Nc6 60. Kd3 Ne5+ 61. Ke2 Ke4 62. Bb6 Nd3 63. Ba7 f3+ 64. Kf1 Kf4 65. Bb6 Kg4 66. Bd8 Nf4 67. Kf2 Ng6 68. Bf6 Nxh4 0-1

[Event "Subic Bay op"]
[Site "Subic Bay"]
[Date "2009.05.25"]
[Round "1"]
[White "Tirto"]
[Black "Li, Panru"]
[Result "1-0"]
[WhiteElo "2417"]
[BlackElo "2146"]
[PlyCount "119"]
[EventDate "2009.05.25"]
[EventType "swiss"]
[EventRounds "9"]
[EventCountry "PHI"]
[SourceTitle "CBM 130 Extra"]
[Source "ChessBase"]
[SourceDate "2009.07.02"]
[SourceVersion "2"]
[SourceVersionDate "2009.07.15"]
[SourceQuality "1"]

1. Nf3 d5 2. d4 e6 3. g3 Nf6 4. Bg2 Be7 5. 0-0 0-0 6. c4 dxc4 7. Qc2 c5 8. Rd1 Nc6 9. dxc5 Qa5 10. Na3 Qxc5 11. Qxc4 Qh5 12. h3 Nd5 13. e4 Nb6 14. Qb5 Qxb5 15. Nxb5 e5 16. b3 Rb8 17. Be3 f6 18. Nxa7 Nxa7 19. Bxb6 Nb5 20. Bf1 Nc3 21. Re1 Bd7 22. a4 Bc6 23. Bd3 Bc5 24. Re3 Kh8 25. Ne1 f5 26. Nc2 Bd6 27. f3 fxe4 28. fxe4 Rf6 29. Ba5 Nxa4 30. bxa4 Bc5 31. Bb4 Bxe3+ 32. Nxe3 Rf3 33. Re1 Rxg3+ 34. Kh2 Rf3 35. Kg2 Rf4 36. Nc4 Bxa4 37. Nxe5 Re8 38. Bc3 b5 39. Rb1 Rc8 40. Bb4 Kg8 41. Kg3 g5 42. Bd2 Rf6 43. Bxb5 Bxb5 44. Rxb5 h6 45. Rd5 Ra8 46. Nd3 Rfa6 47. Kg4 Re6 48. Kf5 Ree8 49. Bb4 Ra1 50. e5 Rh1 51. Kg4 h5+ 52. Kxh5 Rxh3+ 53. Kxg5 Rxd3 54. Rxd3 Rxe5+ 55. Kf6 Rb5 56. Rg3+ Kh7 57. Be7 Rb1 58. Kf7 Rh1 59. Bf6 Kh6 60. Rg8 1-0

[Event "Asian Continental op (Women) 08th"]
[Site "Subic Bay"]
[Date "2009.05.16"]
[Round "4"]
[White "Lkhamsuren, Uuganbayar"]
[Black "Li, Panru"]
[Result "1/2-1/2"]
[WhiteElo "2038"]
[BlackElo "2146"]
[PlyCount "86"]
[EventDate "2009.05.13"]
[EventType "swiss"]
[EventRounds "11"]
[EventCountry "PHI"]
[SourceTitle "CBM 130 Extra"]
[Source "ChessBase"]
[SourceDate "2009.07.02"]
[SourceVersion "2"]
[SourceVersionDate "2009.07.15"]
[SourceQuality "1"]

1. e4 e6 2. d4 d5 3. e5 c5 4. c3 Nc6 5. Nf3 Bd7 6. Be2 Qb6 7. a3 Nge7 8. b4 cxd4 9. cxd4 Nf5 10. Bb2 Rc8 11. 0-0 Na5 12. Nbd2 Nc4 13. Bxc4 dxc4 14. Ne4 Be7 15. Nc5 Qc7 16. Rc1 b6 17. Ne4 0-0 18. Nfd2 b5 19. Qg4 Nh6 20. Qh5 f5 21. Ng3 a5 22. Bc3 axb4 23. axb4 Ng4 24. Nde4 Nxe5 25. dxe5 fxe4 26. Nxe4 Rf5 27. Qg4 Rcf8 28. Rcd1 Kh8 29. f4 R5f7 30. Nd6 Bxd6 31. exd6 Qa7+ 32. Kh1 e5 33. Qg3 Rxf4 34. Rxf4 Rxf4 35. Bxe5 Rf7 36. Qg5 Qa8 37. h4 Kg8 38. Ra1 Qe8 39. Ra3 h6 40. Qg3 Bc6 41. Re3 Qd7 42. Bd4 Kh7 43. Ra3 Qe6 1/2-1/2

[Event "Wch U18 Girls"]
[Site "Vung Tau"]
[Date "2008.10.29"]
[Round "10"]
[White "Li, Panru"]
[Black "Preethi, Rajkumar"]
[Result "1/2-1/2"]
[WhiteElo "2126"]
[BlackElo "2156"]
[PlyCount "67"]
[EventDate "2008.10.20"]
[EventType "swiss"]
[EventRounds "11"]
[EventCountry "VIE"]
[SourceTitle "EXT 2009"]
[Source "ChessBase"]
[SourceDate "2008.11.26"]
[SourceVersion "1"]
[SourceVersionDate "2008.11.26"]
[SourceQuality "1"]

1. d4 Nf6 2. c4 e6 3. Nc3 Bb4 4. e3 0-0 5. Bd3 d5 6. Nf3 b6 7. 0-0 Bb7 8. Bd2 dxc4 9. Bxc4 c5 10. a3 Bxc3 11. Bxc3 Ne4 12. Rc1 Nd7 13. Qe2 Rc8 14. Rfd1 Qe7 15. Bb5 Ndf6 16. dxc5 Nxc3 17. Rxc3 Rxc5 18. Rxc5 Qxc5 19. Qc4 Qxc4 20. Bxc4 Rc8 21. Ne5 Kf8 22. Bb3 Ke7 23. f3 Rc5 24. Nd3 Rc7 25. e4 Nd7 26. Kf2 Nc5 27. Nxc5 Rxc5 28. Ke3 Rc8 29. Rd2 Rc7 30. Rd4 Rc1 31. Rc4 Rxc4 32. Bxc4 Kd6 33. Kd4 f6 34. b4 1/2-1/2

[Event "Wch U18 Girls"]
[Site "Vung Tau"]
[Date "2008.10.28"]
[Round "9"]
[White "Li, Panru"]
[Black "Gosciniak, Maria"]
[Result "1-0"]
[WhiteElo "2126"]
[BlackElo "2161"]
[PlyCount "93"]
[EventDate "2008.10.20"]
[EventType "swiss"]
[EventRounds "11"]
[EventCountry "VIE"]
[SourceTitle "EXT 2009"]
[Source "ChessBase"]
[SourceDate "2008.11.26"]
[SourceVersion "1"]
[SourceVersionDate "2008.11.26"]
[SourceQuality "1"]

1. d4 d6 2. c4 e5 3. Nf3 e4 4. Nfd2 f5 5. e3 Nf6 6. Nc3 Be7 7. Be2 0-0 8. 0-0 c6 9. d5 Na6 10. a3 Nc7 11. b4 Qe8 12. f3 exf3 13. Bxf3 cxd5 14. cxd5 Nd7 15. Bb2 Bf6 16. e4 f4 17. Nc4 Qe7 18. Rc1 b5 19. Na5 Ne5 20. Nc6 Qe8 21. Bh5 g6 22. Be2 g5 23. Nxb5 Nxb5 24. Bxb5 Bd7 25. Bxe5 Bxe5 26. Be2 Bg7 27. Bh5 Rf7 28. Qd3 Qf8 29. Bxf7+ Qxf7 30. b5 g4 31. a4 Rf8 32. Rc2 Qh5 33. g3 f3 34. a5 Qh3 35. Qe3 Kh8 36. b6 axb6 37. axb6 h5 38. b7 h4 39. Qf2 Bxc6 40. dxc6 hxg3 41. hxg3 d5 42. exd5 Be5 43. Qh2 Qxh2+ 44. Rxh2+ Kg7 45. Rh4 Kf6 46. Rxg4 Ke7 47. Re4 1-0

[Event "Wch U18 Girls"]
[Site "Vung Tau"]
[Date "2008.10.23"]
[Round "5"]
[White "Li, Panru"]
[Black "Pham Thi Thu, Hien"]
[Result "1-0"]
[WhiteElo "2126"]
[BlackElo "2006"]
[PlyCount "97"]
[EventDate "2008.10.20"]
[EventType "swiss"]
[EventRounds "11"]
[EventCountry "VIE"]
[SourceTitle "EXT 2009"]
[Source "ChessBase"]
[SourceDate "2008.11.26"]
[SourceVersion "1"]
[SourceVersionDate "2008.11.26"]
[SourceQuality "1"]

1. d4 Nf6 2. c4 e5 3. d5 Bc5 4. Nc3 d6 5. e3 Bf5 6. Nf3 0-0 7. Be2 h6 8. 0-0 Nbd7 9. a3 a5 10. Nd2 e4 11. Rb1 Qe7 12. b4 axb4 13. axb4 Bb6 14. Bb2 Bg6 15. Nb3 Nh7 16. Rc1 f5 17. Nd4 Bxd4 18. Qxd4 Ndf6 19. c5 dxc5 20. bxc5 Rfd8 21. Bc4 Bf7 22. Rfd1 c6 23. d6 Qf8 24. Ne2 Bxc4 25. Rxc4 Nd5 26. Ng3 Rd7 27. Ra4 Rb8 28. Ra7 Ng5 29. Qe5 Rf7 30. Rda1 Nb4 31. Ba3 Nd3 32. Qc3 Rd7 33. f3 Re8 34. h4 Nh7 35. fxe4 fxe4 36. Rf1 Nf6 37. Nxe4 Rxe4 38. Qxd3 Qe8 39. Qb3+ Qf7 40. Ra8+ Kh7 41. Qb1 Qc4 42. Rf4 Kg6 43. Rf8 Rf7 44. h5+ Kxh5 45. Rxe4 Nxe4 46. Rxf7 Qxf7 47. Qxe4 Qa2 48. Qf4 g5 49. g4+ 1-0

[Event "Wch U18 Girls"]
[Site "Vung Tau"]
[Date "2008.10.20"]
[Round "1"]
[White "Li, Panru"]
[Black "Kozarski, Lara"]
[Result "1-0"]
[WhiteElo "2126"]
[BlackElo "1714"]
[PlyCount "41"]
[EventDate "2008.10.20"]
[EventType "swiss"]
[EventRounds "11"]
[EventCountry "VIE"]
[SourceTitle "EXT 2009"]
[Source "ChessBase"]
[SourceDate "2008.11.26"]
[SourceVersion "1"]
[SourceVersionDate "2008.11.26"]
[SourceQuality "1"]

1. d4 d5 2. c4 dxc4 3. Nc3 c5 4. e3 cxd4 5. exd4 e6 6. Bxc4 Nf6 7. Nf3 Bd7 8. 0-0 Be7 9. Qe2 0-0 10. Ne5 Nc6 11. Rd1 Nb4 12. d5 Qc8 13. Nxd7 Nxd7 14. dxe6 Nb6 15. exf7+ Kh8 16. Be6 Qc6 17. Bf4 Rad8 18. Be5 Bf6 19. Bxf6 gxf6 20. Rxd8 Rxd8 21. Qg4 1-0

[Event "Budapest FS10 IM"]
[Site "Budapest"]
[Date "2008.10.07"]
[Round "4"]
[White "Li, Panru"]
[Black "Lengyel, Bela"]
[Result "1/2-1/2"]
[WhiteElo "2126"]
[BlackElo "2309"]
[PlyCount "84"]
[EventDate "2008.10.04"]
[EventType "tourn"]
[EventRounds "9"]
[EventCountry "HUN"]
[EventCategory "1"]
[SourceTitle "CBM 126 Extra"]
[Source "ChessBase"]
[SourceDate "2008.11.05"]
[SourceVersion "1"]
[SourceVersionDate "2008.11.05"]
[SourceQuality "1"]

1. d4 d5 2. c4 e6 3. Nc3 Nf6 4. Bg5 Nbd7 5. e3 Be7 6. Nf3 0-0 7. Bd3 h6 8. Bh4 dxc4 9. Bxc4 c5 10. 0-0 cxd4 11. exd4 Nb6 12. Bd3 Bd7 13. Ne5 Bc6 14. Rc1 Rc8 15. Bb1 Nfd5 16. Qd3 f5 17. Bxe7 Qxe7 18. Ne2 Qe8 19. Nxc6 Rxc6 20. a3 Rxc1 21. Rxc1 Qd7 22. Ba2 Rd8 23. Re1 Rc8 24. h3 Kh8 25. Nc3 Rd8 26. Qg3 Qf7 27. Qe5 Nc7 28. Bxe6 Nxe6 29. Qxe6 Qxe6 30. Rxe6 Rxd4 31. Re7 Rd2 32. Rxb7 Rxb2 33. Rxa7 Rb3 34. Ne2 Nc4 35. a4 Rb1+ 36. Kh2 Rb2 37. Nd4 Rxf2 38. Kg3 Rf1 39. a5 Ne3 40. Ne6 g5 41. a6 f4+ 42. Kh2 Ra1 1/2-1/2

[Event "Budapest FS09 IM-B"]
[Site "Budapest"]
[Date "2008.09.13"]
[Round "8"]
[White "Li, Panru"]
[Black "Galyas, Miklos"]
[Result "1/2-1/2"]
[WhiteElo "2104"]
[BlackElo "2463"]
[PlyCount "149"]
[EventDate "2008.09.06"]
[EventType "tourn"]
[EventRounds "10"]
[EventCountry "HUN"]
[EventCategory "1"]
[SourceTitle "CBM 126 Extra"]
[Source "ChessBase"]
[SourceDate "2008.11.05"]
[SourceVersion "1"]
[SourceVersionDate "2008.11.05"]
[SourceQuality "1"]

1. d4 f5 2. c4 Nf6 3. Nc3 d6 4. Nf3 g6 5. g3 Bg7 6. Bg2 0-0 7. d5 a5 8. 0-0 Qe8 9. Be3 h6 10. a3 g5 11. Bd4 c5 12. dxc6 bxc6 13. Bxf6 Bxf6 14. Nd4 Ra6 15. e4 fxe4 16. Nxe4 Bg7 17. Qd2 Qg6 18. Rac1 a4 19. Nc3 Kh8 20. Nc2 Bd7 21. Nb4 Ra5 22. Rce1 Qf7 23. Re3 Re5 24. Rxe5 Bxe5 25. c5 dxc5 26. Nd3 Bd4 27. Nxa4 c4 28. Ndc5 e5 29. Nxd7 Qxd7 30. Nc3 Qf5 31. Ne4 Nd7 32. Rc1 Nf6 33. Nxf6 Rxf6 34. Rxc4 Qb1+ 35. Qc1 Rxf2 36. Kh1 Rxb2 37. Rxc6 Qxc1+ 38. Rxc1 Ra2 39. Be4 Rxa3 40. Rc6 Kg7 41. Rg6+ Kf7 42. Rxh6 g4 43. h3 Rxg3 44. hxg4 Rxg4 45. Bd5+ Ke7 46. Kh2 Be3 47. Rc6 Bf4+ 48. Kh1 Rg3 49. Rc4 Kf6 50. Rb4 Kg5 51. Rb3 Be3 52. Rb8 Rg1+ 53. Kh2 Rd1 54. Rg8+ Kf6 55. Bf3 Rd2+ 56. Rg2 Bf4+ 57. Kh3 Rd8 58. Be4 Rd1 59. Bf3 Rd3 60. Kg4 Rd4 61. Re2 Be3+ 62. Kg3 Rd3 63. Kg4 Ra3 64. Bd5 Bf4 65. Bf3 Ke6 66. Rc2 Ra4 67. Rc6+ Kd7 68. Kf5 Bg3 69. Rc3 Rf4+ 70. Kg5 Bh4+ 71. Kh5 Bf2 72. Bg4+ Kd6 73. Rf3 Rxf3 74. Bxf3 e4 75. Bxe4 1/2-1/2

[Event "Budapest FS09 IM-B"]
[Site "Budapest"]
[Date "2008.09.09"]
[Round "4"]
[White "Li, Panru"]
[Black "Petran, Pal"]
[Result "0-1"]
[WhiteElo "2104"]
[BlackElo "2361"]
[PlyCount "76"]
[EventDate "2008.09.06"]
[EventType "tourn"]
[EventRounds "10"]
[EventCountry "HUN"]
[EventCategory "1"]
[SourceTitle "CBM 126 Extra"]
[Source "ChessBase"]
[SourceDate "2008.11.05"]
[SourceVersion "1"]
[SourceVersionDate "2008.11.05"]
[SourceQuality "1"]

1. d4 Nf6 2. c4 e6 3. Nc3 Bb4 4. e3 0-0 5. Bd3 d5 6. Nf3 c5 7. 0-0 dxc4 8. Bxc4 Nbd7 9. Bd3 cxd4 10. exd4 Bxc3 11. bxc3 Qc7 12. c4 b6 13. Be3 Bb7 14. Rc1 Rac8 15. Qe2 Rfe8 16. Rfd1 e5 17. Bf5 exd4 18. Nxd4 a6 19. Bh3 Rcd8 20. Nf5 Nc5 21. Rxd8 Rxd8 22. Bd4 Re8 23. Qd2 Nfe4 24. Re1 f6 25. Qc2 Bc6 26. Bg4 Qd8 27. Rd1 Ba4 28. Qc1 Bxd1 29. Qxd1 Ne6 30. Be3 Qxd1+ 31. Bxd1 g6 32. Ba4 b5 33. Nh6+ Kg7 34. cxb5 Nc3 35. Bb3 axb5 36. h4 Nd4 37. Ng4 Nxb3 38. axb3 Re4 0-1

[Event "Budapest FS09 IM-B"]
[Site "Budapest"]
[Date "2008.09.07"]
[Round "2"]
[White "Li, Panru"]
[Black "Ruecker, Benjamin"]
[Result "1/2-1/2"]
[WhiteElo "2104"]
[BlackElo "2246"]
[PlyCount "106"]
[EventDate "2008.09.06"]
[EventType "tourn"]
[EventRounds "10"]
[EventCountry "HUN"]
[EventCategory "1"]
[SourceTitle "CBM 126 Extra"]
[Source "ChessBase"]
[SourceDate "2008.11.05"]
[SourceVersion "1"]
[SourceVersionDate "2008.11.05"]
[SourceQuality "1"]

1. d4 Nf6 2. c4 e5 3. dxe5 Ng4 4. Nf3 Bc5 5. e3 Nc6 6. Be2 0-0 7. a3 a5 8. 0-0 Re8 9. Nc3 Ncxe5 10. Nxe5 Nxe5 11. Rb1 Ra6 12. b4 axb4 13. axb4 Bf8 14. c5 Ra8 15. Qc2 d6 16. Rd1 Qh4 17. Rd4 Qd8 18. Nb5 d5 19. e4 c6 20. Nc3 Qh4 21. Be3 dxe4 22. Qd2 Ng4 23. Bxg4 Qxg4 24. f3 Qg6 25. fxe4 Be7 26. Re1 Bh3 27. Bf4 Rad8 28. Bd6 Bh4 29. g3 Bg5 30. Qf2 f6 31. Ne2 Rxe4 32. Rxe4 Qxe4 33. Nf4 Qf5 34. Qa2+ Kh8 35. Qf7 h6 36. Nxh3 Qxh3 37. Qxb7 Qg4 38. Qxc6 Qxb4 39. Re8+ Rxe8 40. Qxe8+ Kh7 41. Qe2 Qd4+ 42. Kg2 Bd2 43. Qf2 Qe4+ 44. Kh3 g5 45. Qxd2 Kg6 46. g4 Qf3+ 47. Bg3 h5 48. Qc2+ Kh6 49. gxh5 f5 50. Qc4 Kxh5 51. Qf7+ Kh6 52. Qf6+ Kh5 53. Qf7+ Kh6 1/2-1/2

[Event "Wch U16 Girls"]
[Site "Kemer"]
[Date "2007.11.22"]
[Round "6"]
[White "Li, Panru"]
[Black "Bhakti, Kulkarni"]
[Result "1/2-1/2"]
[WhiteElo "2030"]
[BlackElo "2112"]
[PlyCount "57"]
[EventDate "2007.11.18"]
[EventType "swiss"]
[EventRounds "11"]
[EventCountry "TUR"]
[SourceTitle "CBM 121 Extra"]
[Source "ChessBase"]
[SourceDate "2008.01.10"]
[SourceVersion "1"]
[SourceVersionDate "2008.01.10"]
[SourceQuality "1"]

1. d4 e6 2. c4 f5 3. Nc3 Nf6 4. g3 d5 5. Bg2 c6 6. Nf3 Bd6 7. 0-0 0-0 8. b3 Nbd7 9. Qd3 Ne4 10. Nd2 Qf6 11. Ndxe4 dxe4 12. Qc2 b6 13. Bb2 Bb7 14. Rad1 Rac8 15. f4 Rfd8 16. e3 Qh6 17. Qf2 Nf6 18. h4 Qh5 19. Bh3 Rd7 20. Qe2 Qe8 21. Rf2 h5 22. Qc2 Bf8 23. Rfd2 g6 24. Ne2 Bg7 25. Bc3 Qd8 26. Qb2 Rf7 27. Kf2 Qc7 28. a4 Rd8 29. b4 1/2-1/2